| 000 | 01030nam a2200289 i 4500 | ||
|---|---|---|---|
| 003 | DO-SdBNP | ||
| 005 | 20250916095838.0 | ||
| 007 | ta | ||
| 008 | 211214e2011 dr a|||f |||| 001 0 spa d | ||
| 020 | _a9789945140880 | ||
| 040 |
_aDO-SdBNP _bspa _cBNPHU _erda |
||
| 041 | _aspa | ||
| 082 | 4 |
_axxx _bN964p _222 |
|
| 100 | 1 |
_aNúñez, Rafael, _eautor _4aut. _91366 |
|
| 245 | 1 | 0 |
_aPeriodismo, política y reflexiónes : _bescritos en la línea de fuego / _cRafael Núñez ; Ilustraciones, Ana Díaz ; prólogo, Marcos Villamán |
| 264 | 1 |
_aSanto Domingo : _bEditora Corripio, _c2011. |
|
| 300 |
_a331 páginas : _bilustraciones, retratos ; _c22 cm. |
||
| 336 |
_atexto _btxt _2rdacontent |
||
| 337 |
_asin mediación _bn _2rdamedia |
||
| 338 |
_avolumen _bnc _2rdacarrier |
||
| 500 | _aIncluye datos biográficos del autor en la contracubierta | ||
| 590 | _aInventariado 2021 / MF | ||
| 700 | 1 |
_aDíaz, Ana, _eilustrador _4il. _980868 |
|
| 700 | 1 |
_aVillamán, Marcos, _eprologuista _4pr. _9760 |
|
| 910 | _aMFéliz | ||
| 942 |
_2ddc _cLBS1 |
||
| 999 |
_c51127 _d51127 |
||